000 00272 a2200097 4500
001 59676
100 _a
245 _aActivity Assemblies to promote peace; 40+ ideas for multi-faith assemblies for 5-11 Years
260 _aNew York
_bRoutledge
_c2008
090 _c36551
_d36551
942 _aNUST-CAE
_c
_c29504
999 _c294749
_d294749